000 00424nam a2200169Ia 4500
008 121010t1971 xxu||||| |||| 00| 0 sin d
041 _asin
080 _a8 S 31
_bKUL
100 _aKulasingha,U.D
245 _aහදවතක වේදනා
246 _aHadawathaka Wedana
260 _bGunasena
_aColombo
_c1971
300 _a121p., 18 cm
942 _cBK
999 _c70096
_d70096
003 LK-CoDNM
040 _aLK-CoDNM
_dLK-CoDNM
_eLK-CoDNM